[Event "11th TCh-BIH Premier"]
[Site "Jahorina BIH"]
[Date "2012.06.08"]
[Round "7.5"]
[White "Mrndjic,M"]
[Black "Nikolic,Pr"]
[Result "0-1"]
[WhiteElo "2232"]
[BlackElo "2635"]

1.e4 e5 2.Nf3 Nc6 3.Bb5 a6 4.Ba4 Nf6 5.O-O Be7 6.Re1 b5 7.Bb3 d6 8.c3 O-O
9.h3 h6 10.a4 Bd7 11.d4 Re8 12.axb5 axb5 13.Rxa8 Qxa8 14.Na3 Qb7 15.Nc2 Bf8
16.dxe5 Nxe5 17.Nxe5 dxe5 18.Qf3 Be6 19.Bxe6 Rxe6 20.Qe2 Bc5 21.Kh2 Rd6 22.f3 Nh5
23.g4 Nf4 24.Bxf4 exf4 25.Rd1 Qc6 26.Rd3 Ba7 27.Rxd6 Qxd6 28.b4 Qf6 29.Qe1 Qe6
30.Nd4 Bxd4 31.cxd4 Qb3 32.Kg2 Qb2+ 33.Qf2 Qxb4 34.d5 Qc3 35.Qa2 b4 36.Qa8+ Kh7
37.Qf8 Qd2+ 38.Kg1 Qe3+ 39.Kf1 Qxf3+ 40.Kg1 Qg3+ 41.Kf1 f3  0-1

[Event "11th TCh-BIH Premier"]
[Site "Jahorina BIH"]
[Date "2012.06.09"]
[Round "8.2"]
[White "Nikolic,Pr"]
[Black "Stojanovic,Do"]
[Result "1-0"]
[WhiteElo "2635"]
[BlackElo "2350"]

1.d4 d5 2.c4 c6 3.Nc3 Nf6 4.e3 e6 5.Nf3 Nbd7 6.Be2 a6 7.O-O b5 8.c5 Qc7 9.b4 a5
10.bxa5 e5 11.a4 Rxa5 12.Bd2 e4 13.Nxe4 Nxe4 14.Bxa5 Qxa5 15.axb5 Qc7 16.b6 Qb8
17.Ra7 Nc3 18.Qc2 Nxe2+ 19.Qxe2 Nxc5 20.dxc5 Bxc5 21.Ng5 Be7 22.Qf3 f6 23.Qh5+ g6
24.Rxe7+ Kxe7 25.Qh6 Rf8 26.Qg7+ Ke8 27.Nxh7 Rf7 28.Nxf6+ Ke7 29.Ng8+ Ke8
30.Qxg6 Kf8 31.Nh6  1-0

[Event "11th TCh-BIH Premier"]
[Site "Jahorina BIH"]
[Date "2012.06.10"]
[Round "9.4"]
[White "Dumpor,A"]
[Black "Nikolic,Pr"]
[Result "0-1"]
[WhiteElo "2355"]
[BlackElo "2635"]

1.e4 e5 2.Nf3 Nc6 3.Bc4 Nf6 4.d3 Be7 5.O-O O-O 6.Nbd2 d6 7.c3 Na5 8.Bb5 a6
9.Ba4 c5 10.d4 Qc7 11.Re1 h6 12.d5 c4 13.Nf1 b5 14.Bc2 Nb7 15.Ng3 Nc5 16.b4 cxb3
17.axb3 Bd7 18.h3 a5 19.Be3 Rfd8 20.Bd2 Nh7 21.Nf5 Bxf5 22.exf5 Nf6 23.b4 axb4
24.cxb4 Rxa1 25.Qxa1 Ncd7 26.Bb3 Qb7 27.Nd4 Nxd5 28.Qa5 exd4 29.Bxd5 Qxd5
30.Rxe7 Nf6 31.Qa7 Ra8 32.Qc7 Ne4 33.Bf4 Qxf5 34.g3 Qd5 35.Qb7 Qxb7 36.Rxb7 d3
37.Rxb5 d2 38.Bxd2 Nxd2 39.Rd5 Nc4 40.Rd4 Rc8 41.b5 Kf8 42.b6 Nxb6 43.Rxd6 Nc4  0-1

[Event "6th LCT GpA 2012"]
[Site "Leiden NED"]
[Date "2012.07.06"]
[Round "1.3"]
[White "Nikolic,Pr"]
[Black "Van der Auweraert,Elwin"]
[Result "1-0"]
[WhiteElo "2636"]
[BlackElo "2078"]

1.d4 Nf6 2.Nf3 e6 3.c4 b6 4.g3 Bb7 5.Bg2 c5 6.d5 exd5 7.Nh4 g6 8.Nc3 Bg7
9.O-O O-O 10.Bg5 Na6 11.Nxd5 Bxd5 12.Bxd5 Rb8 13.Bg2 d6 14.Qa4 Nc7 15.Qxa7 Ne6
16.Bd2 d5 17.cxd5 Ra8 18.Qb7 Rb8 19.Qa6 Nxd5 20.Rad1 Ndc7 21.Qa3 Qe7 22.e3 Rfc8
23.Qb3 b5 24.Bc3 c4 25.Qc2 Bxc3 26.Qxc3 Na6 27.Nf3 b4 28.Qc2 b3 29.axb3 Rxb3
30.Nd2 Nb4 31.Qe4 Rxb2 32.Nxc4 Rb3 33.Nb6 Rb8 34.Qc4 Rb2 35.Nd7 Rd8 36.Ne5 Rxd1
37.Rxd1 Qc5 38.Qe4 Qc2 39.Qf3 Ng5 40.Qa8+ Kg7 41.Rf1 Qf5 42.Nc4 Rb1 43.f4 Rxf1+
44.Bxf1 Ne6 45.Ne5 Qf6 46.Qb7 Nc2 47.Qb3  1-0

[Event "6th LCT GpA 2012"]
[Site "Leiden NED"]
[Date "2012.07.08"]
[Round "2.3"]
[White "Van Overdam,Jul"]
[Black "Nikolic,Pr"]
[Result "0-1"]
[WhiteElo "2277"]
[BlackElo "2636"]

1.e4 c5 2.Nc3 e6 3.f4 d5 4.Nf3 d4 5.Ne2 Nc6 6.d3 f5 7.e5 Nge7 8.c3 dxc3 9.bxc3 b6
10.Bb2 Qd7 11.Qd2 Bb7 12.O-O-O Na5 13.c4 Bxf3 14.gxf3 Nec6 15.Qc3 Be7 16.d4 cxd4
17.Nxd4 Nxd4 18.Rxd4 Qb7 19.Ba3 O-O 20.Bd6 Bxd6 21.exd6 Rfd8 22.h4 Qf7 23.h5 Nb7
24.h6 g6 25.Be2 Qf6 26.Qd2 Rd7 27.Rd1 Rad8 28.Qe3 Nc5 29.Qe5 Qh4 30.Bd3 Qxh6
31.Bc2 Qf8 32.Bb3 Kf7 33.Rh1 Qg7 34.Rhd1 h5 35.R4d2 Qf6 36.Kb1 h4 37.Rh1 Rh8
38.Rdh2 Rh5 39.Kc2 a5 40.a3 g5 41.Re1 h3 42.Rg1 Rd8 43.Rg3 gxf4 44.Qxf4 e5
45.Qc1 f4  0-1

[Event "6th LCT GpA 2012"]
[Site "Leiden NED"]
[Date "2012.07.08"]
[Round "3.1"]
[White "Nikolic,Pr"]
[Black "Luch,M"]
[Result "1/2-1/2"]
[WhiteElo "2636"]
[BlackElo "2426"]

1.d4 Nf6 2.c4 g6 3.g3 c6 4.Bg2 d5 5.b3 Bg7 6.Bb2 a5 7.Nc3 Bf5 8.e3 O-O 9.Nge2 Na6
10.a3 Ne4 11.O-O Nc7 12.Rc1 Nxc3 13.Nxc3 e5 14.cxd5 exd4 15.exd4 Nxd5 16.Nxd5 cxd5
17.Rc5 Be6 18.Qd3 Re8 19.Qb5 Bf8 20.Rc3 Qd6 21.h4 Qa6 22.Qxa6 bxa6 23.Re1 Reb8
24.Bc1 Rc8 25.Bd2 Bxa3 26.Rxc8+ Rxc8 27.Bxa5  1/2-1/2

[Event "6th LCT GpA 2012"]
[Site "Leiden NED"]
[Date "2012.07.09"]
[Round "4.2"]
[White "Bok,B"]
[Black "Nikolic,Pr"]
[Result "1/2-1/2"]
[WhiteElo "2512"]
[BlackElo "2636"]

1.e4 e5 2.Nf3 Nc6 3.Bb5 a6 4.Ba4 Nf6 5.O-O Be7 6.Re1 b5 7.Bb3 d6 8.c3 O-O
9.h3 Re8 10.d4 Bb7 11.Nbd2 Bf8 12.a3 Qd7 13.Ba2 a5 14.d5 Ne7 15.c4 h6 16.cxb5 Qxb5
17.a4 Qd7 18.Nc4 Nc8 19.Nh2 c6 20.Ng4 Nxg4 21.hxg4 cxd5 22.exd5 Qd8 23.Be3 Be7
24.Nd2 Ba6 25.Ne4 Rb8 26.Qc2 Nb6 27.Bb1 Rc8 28.Nc3 g6 29.Bxh6 Kh7 30.Qd2 Rh8
31.g5 Nc4 32.Qc1 Qb6 33.Bd3 Qb3 34.Rb1 Bb7 35.Re4 Bd8 36.Bc2 Qb6 37.Bd3 Qb3
38.Bc2 Qb6 39.Bd3 Qb3  1/2-1/2

[Event "6th LCT GpA 2012"]
[Site "Leiden NED"]
[Date "2012.07.10"]
[Round "5.6"]
[White "Nikolic,Pr"]
[Black "Roorda,T"]
[Result "1-0"]
[WhiteElo "2636"]
[BlackElo "2025"]

1.d4 Nf6 2.Nf3 e6 3.g3 b6 4.Bg2 Bb7 5.c4 Bb4+ 6.Bd2 Be7 7.O-O c6 8.Bc3 d5
9.Nbd2 Nbd7 10.b4 O-O 11.c5 Re8 12.Qc2 Nf8 13.Rfb1 Qc7 14.a4 a6 15.cxb6 Qxb6
16.Ne5 Bd6 17.Nd3 Ng6 18.Nb3 e5 19.dxe5 Nxe5 20.Bd4 Qc7 21.Na5 Nxd3 22.exd3 Be5
23.Qc3 Bxd4 24.Qxd4 Bc8 25.h3 Bd7 26.Nb3 Bf5 27.Rc1 Qd6 28.Na5 Rec8 29.g4 Be6
30.Nc4 Qxb4 31.Rcb1 c5 32.Qf4 Rab8 33.Rxb4 Rxb4 34.a5 dxc4 35.dxc4 Bxc4 36.Rc1 Be6
37.Qd6 Rd4 38.Qxa6 Nd5 39.Qa7 Rc7 40.Qb8+ Rc8 41.Qe5 h6 42.a6 Nb4 43.Qxd4  1-0

[Event "6th LCT GpA 2012"]
[Site "Leiden NED"]
[Date "2012.07.14"]
[Round "7.4"]
[White "Nikolic,Pr"]
[Black "Socko,B"]
[Result "1/2-1/2"]
[WhiteElo "2636"]
[BlackElo "2629"]

1.d4 Nf6 2.Nf3 e6 3.c4 b6 4.g3 Bb7 5.Bg2 c5 6.dxc5 Bxc5 7.O-O O-O 8.Nc3 Be7
9.b3 d5 10.cxd5 Nxd5 11.Nxd5 Qxd5 12.Bb2 Na6 13.Qxd5 Bxd5 14.Ne5 Bxg2 15.Kxg2 Rfc8
16.Rac1 f6 17.Nd3 Kf7 18.Rfd1 Rxc1 19.Rxc1 Rd8 20.Kf3 Nc5 21.Nxc5 Bxc5 22.Rc2 g5
23.h3 h5 24.Bc1 Rd1 25.Be3 Bd6 26.Rc8 Ra1 27.a4 Rb1 28.Rd8 Bb4 29.Rd7+ Kg6
30.Rxa7 Rxb3 31.Rb7 Ba5 32.Re7 e5 33.g4 hxg4+ 34.hxg4 Bd2 35.Rb7 Bxe3 36.fxe3 Rb4
37.e4  1/2-1/2

[Event "6th LCT GpA 2012"]
[Site "Leiden NED"]
[Date "2012.07.14"]
[Round "8.3"]
[White "Van Haastert,E"]
[Black "Nikolic,Pr"]
[Result "0-1"]
[WhiteElo "2440"]
[BlackElo "2636"]

1.e4 e5 2.Nf3 Nc6 3.Bb5 a6 4.Ba4 Nf6 5.O-O Be7 6.Re1 b5 7.Bb3 d6 8.c3 O-O
9.h3 a5 10.d4 a4 11.Bc2 Bd7 12.Nbd2 Re8 13.Nf1 h6 14.Ng3 Bf8 15.Be3 Na5 16.b3 axb3
17.axb3 c5 18.d5 Qc7 19.Nd2 g6 20.Qe2 Bg7 21.Ra2 Reb8 22.Rea1 Qd8 23.f3 h5
24.Nh1 Ne8 25.b4 Nb7 26.Nb3 c4 27.Nc1 Rxa2 28.Rxa2 f5 29.Qf2 f4 30.Bb6 Qc8
31.Bd1 Nd8 32.Ba7 Ra8 33.Ra5 g5 34.Kf1 Nb7 35.Ra2 Nf6 36.Qe1 Nd8 37.Ra5 Nf7
38.Nf2 Qb7 39.Bb6 Rf8 40.Ba7 Nh6 41.Ne2 g4 42.hxg4 hxg4 43.Ng1 g3 44.Nfh3 Nf7
45.Qd2 Bh6 46.Qa2 Kg7 47.Ra6 Ra8 48.Ra5 Kg6 49.Bb6 Rh8 50.Ba7 Bc8 51.Be2 Bf8
52.Bd1 Kg7 53.Be2 Be7 54.Ra3 Bd7 55.Ke1 Bd8 56.Bf1 Bc7  0-1

[Event "6th LCT GpA 2012"]
[Site "Leiden NED"]
[Date "2012.07.15"]
[Round "9.1"]
[White "Nikolic,Pr"]
[Black "Howell,D"]
[Result "1/2-1/2"]
[WhiteElo "2636"]
[BlackElo "2620"]

1.d4 Nf6 2.Nf3 g6 3.g3 Bg7 4.Bg2 d5 5.O-O O-O 6.Nbd2 c6 7.c4 Bf5 8.b3 a5
9.Bb2 a4 10.e3 Qa5 11.Rc1 Ne4 12.Nxe4 Bxe4 13.Bc3 Qa6 14.Bb4 Re8 15.Nd2 Bxg2
16.Kxg2 axb3 17.axb3 Qb6 18.Bc3 Nd7 19.Qc2 c5 20.dxc5 Qxc5 21.b4 Qc6 22.b5 Qc5
23.Bxg7 Kxg7 24.Nb3 Qb4 25.Rfd1 Nf6 26.cxd5 Rec8 27.Qd3 Rd8 28.Rc4 Qxb5 29.Rd4 Qxd3
30.R1xd3 Ra3 31.e4 e6 32.d6 e5 33.Rb4 Ne8 34.Rd5 Nxd6 35.Rxe5 Rc8 36.Nc5 b6
37.Nd7 Rc2 38.Rd5 Nc4 39.Kh3 Raa2 40.Kg4 b5 41.Rdxb5 h5+ 42.Kg5 Nd6 43.Rb6 f6+
44.Nxf6 Nf7+ 45.Kh4 Rxf2 46.Nxh5+ gxh5 47.h3  1/2-1/2

[Event "TCh-SRB Prem 2012"]
[Site "Valjevo SRB"]
[Date "2012.09.17"]
[Round "1.2"]
[White "Nikolic,Pr"]
[Black "Ipatov,Alexander"]
[Result "1-0"]
[WhiteElo "2638"]
[BlackElo "2601"]

1.d4 d5 2.c4 c6 3.Nc3 Nf6 4.e3 g6 5.Nf3 Bg7 6.Be2 O-O 7.O-O dxc4 8.Bxc4 Nbd7
9.b3 b5 10.Be2 Bb7 11.Bb2 a5 12.Rc1 Qb8 13.Qc2 Rc8 14.e4 c5 15.d5 c4 16.bxc4 bxc4
17.Rb1 Ra6 18.Nd2 Ne5 19.Na4 Neg4 20.Nf3 e6 21.h3 exd5 22.hxg4 dxe4 23.Be5 Qa8
24.Nh2 e3 25.f3 Re6 26.Nb6 Qa6 27.Nxc8 Rxe5 28.Rb6 Qa8 29.Nd6 Bd5 30.Rfb1 Nd7
31.Nxc4 Bxc4 32.Qxc4 Nxb6 33.Rxb6 Qd8 34.Rb7 Re6 35.f4 Kh8 36.Nf3 h6 37.Rxf7 Rb6
38.Rc7  1-0

[Event "TCh-SRB Prem 2012"]
[Site "Valjevo SRB"]
[Date "2012.09.18"]
[Round "2.4"]
[White "Milosevic,Dragan"]
[Black "Nikolic,Pr"]
[Result "0-1"]
[WhiteElo "1897"]
[BlackElo "2638"]

1.d4 Nf6 2.c4 e6 3.Nc3 Bb4 4.Bd2 O-O 5.Nf3 b6 6.e3 c5 7.Be2 Bb7 8.O-O Nc6
9.a3 Bxc3 10.Bxc3 Ne4 11.Qc2 cxd4 12.exd4 Ne7 13.Rad1 Rc8 14.b3 Ng6 15.Ba1 Nf4
16.Ne1 d5 17.Bf3 Ng5 18.Qd2 Qf6 19.c5 Ba6 20.Bg4 h5 21.g3 hxg4 22.gxf4 Nh3+
23.Kg2 Nxf4+ 24.Kg1 Nh3+ 25.Kg2 Be2 26.f3 Nf4+ 27.Kg1 Qg5  0-1

[Event "TCh-SRB Prem 2012"]
[Site "Valjevo SRB"]
[Date "2012.09.20"]
[Round "4.5"]
[White "Ivkov,B"]
[Black "Nikolic,Pr"]
[Result "0-1"]
[WhiteElo "2420"]
[BlackElo "2638"]

1.d4 f5 2.g3 Nf6 3.Bg2 g6 4.Nf3 Bg7 5.O-O O-O 6.Nbd2 d6 7.c3 Nc6 8.Qb3+ Kh8
9.Ng5 Qe8 10.Ne6 Bxe6 11.Qxe6 Nd8 12.Qb3 e5 13.dxe5 dxe5 14.Nc4 Rb8 15.Bg5 Ne6
16.Bxf6 Bxf6 17.Rad1 e4 18.Rd5 b5 19.Na5 Rb6 20.Qd1 Ra6 21.Nb3 Rxa2 22.Qb1 Ra6
23.Rfd1 Rf7 24.e3 Kg7 25.Bf1 c6 26.Rd6 Rb6 27.Qa2 Be5 28.R6d2 Ng5 29.Be2 Qe6
30.Nc1 Qxa2 31.Nxa2 a5 32.Kg2 Ne6 33.Rd7 Rb7 34.Rxf7+ Kxf7 35.f4 Bf6 36.g4 Ke7
37.gxf5 gxf5 38.Bf1 Bh4 39.Nc1 Rd7 40.Rxd7+ Kxd7 41.Na2 Nc7 42.c4 b4 43.Be2 Kd6
44.b3 Kc5 45.Bd1 a4 46.bxa4 Kxc4 47.Nc1 c5 48.Bb3+ Kc3 49.Bf7 c4 50.Na2+ Kb3
51.Nc1+ Kb2 52.Ne2 c3 53.Bg8 c2 54.Bxh7 Nd5 55.a5 Bd8 56.Kf2 Nc3  0-1

[Event "TCh-SRB Prem 2012"]
[Site "Valjevo SRB"]
[Date "2012.09.22"]
[Round "6.1"]
[White "Nikolic,Pr"]
[Black "Solak,D"]
[Result "1/2-1/2"]
[WhiteElo "2638"]
[BlackElo "2599"]

1.d4 d5 2.c4 c6 3.Nc3 Nf6 4.e3 a6 5.Bd2 e6 6.Nf3 Nbd7 7.Qc2 Bd6 8.e4 Nxe4
9.Nxe4 dxe4 10.Qxe4 c5 11.O-O-O Nf6 12.Qh4 cxd4 13.Qxd4 Be7 14.Bc3  1/2-1/2

[Event "TCh-SRB Prem 2012"]
[Site "Valjevo SRB"]
[Date "2012.09.23"]
[Round "7.1"]
[White "Efimenko,Z"]
[Black "Nikolic,Pr"]
[Result "1/2-1/2"]
[WhiteElo "2689"]
[BlackElo "2638"]

1.e4 e5 2.Nf3 Nc6 3.Nc3 Nf6 4.d4 exd4 5.Nxd4 Bb4 6.Nxc6 bxc6 7.Bd3 d5 8.exd5 cxd5
9.O-O O-O 10.Bg5 c6 11.Qf3 Bd6 12.Rae1 Rb8 13.Nd1 h6 14.Bxf6 Qxf6 15.Qxf6 gxf6  1/2-1/2

[Event "TCh-SRB Prem 2012"]
[Site "Valjevo SRB"]
[Date "2012.09.25"]
[Round "9.2"]
[White "Rodshtein,M"]
[Black "Nikolic,Pr"]
[Result "1/2-1/2"]
[WhiteElo "2634"]
[BlackElo "2638"]

1.d4 d5 2.c4 dxc4 3.e4 Nc6 4.Nf3 Nf6 5.Nc3 Bg4 6.d5 Ne5 7.Bf4 Ng6 8.Be3 e5
9.Bxc4 Bd6 10.O-O a6 11.Be2 O-O 12.Nd2 Bxe2 13.Qxe2 h6 14.g3 Qd7 15.f3 Nh7
16.Rac1 f5 17.exf5 Rxf5 18.Nce4 Raf8 19.Nc4 Ne7 20.Rcd1 b5 21.Na5 Bb4 22.Nb3 Nxd5
23.Bc5 Bxc5+ 24.Nbxc5 Qc6 25.Qd3 Nb6 26.Kg2  1/2-1/2

[Event "TCh-SRB Prem 2012"]
[Site "Valjevo SRB"]
[Date "2012.09.26"]
[Round "10.3"]
[White "Nikolic,Pr"]
[Black "Pavlovic,Milos"]
[Result "1-0"]
[WhiteElo "2638"]
[BlackElo "2531"]

1.d4 Nf6 2.Nf3 e6 3.c4 d5 4.Nc3 Be7 5.Bg5 h6 6.Bxf6 Bxf6 7.e3 O-O 8.Rc1 c6
9.a3 Nd7 10.h3 dxc4 11.Bxc4 c5 12.Ne4 cxd4 13.Nxf6+ Nxf6 14.Qxd4 b6 15.Be2 Bb7
16.Qa4 Ne4 17.O-O Nc5 18.Qf4 Rc8 19.Rfd1 Qe7 20.Ne5 g5 21.Qb4 Qf6 22.Ng4 Qg7
23.Qc3 Qxc3 24.Rxc3 Kg7 25.b4 Ne4 26.Rxc8 Rxc8 27.Rd7 Rc1+ 28.Kh2 Bc6 29.Rc7 Rc3
30.Ne5 Be8 31.Rxa7 Nxf2 32.Nxf7 Bxf7 33.Bh5 Ne4 34.Rxf7+ Kh8 35.Re7 Nf6 36.Rxe6 Kg7
37.Bf3 Rxe3  1-0

[Event "TCh-SRB Prem 2012"]
[Site "Valjevo SRB"]
[Date "2012.09.27"]
[Round "11.3"]
[White "Sargissian,G"]
[Black "Nikolic,Pr"]
[Result "1/2-1/2"]
[WhiteElo "2693"]
[BlackElo "2638"]

1.d4 Nf6 2.c4 e6 3.Nf3 Bb4+ 4.Bd2 Bxd2+ 5.Qxd2 O-O 6.g3 d5 7.Bg2 c6 8.O-O Nbd7
9.cxd5 cxd5 10.Nc3 Nb6 11.b3  1/2-1/2

[Event "Bundesliga 2012-13"]
[Site "Forchheim GER"]
[Date "2012.10.20"]
[Round "1"]
[White "Nikolic,Pr"]
[Black "Heidrich,Man"]
[Result "1/2-1/2"]
[WhiteElo "2638"]
[BlackElo "2296"]

1.d4 f5 2.g3 Nf6 3.Bg2 g6 4.Nf3 Bg7 5.O-O d6 6.c4 O-O 7.Nc3 Qe8 8.d5 Na6
9.Nd4 Bd7 10.e3 c6 11.Bd2 Nc7 12.a4 e5 13.dxe6 Nxe6 14.a5 a6 15.Na4 Rd8 16.Nb6 Qf7
17.Ne2 Nc5 18.Qc2 Be6 19.Nf4 Nfd7 20.Nxe6 Qxe6 21.Nd5 Nf6 22.Nf4 Qf7 23.Rfd1 Rd7
24.Be1 Rfd8 25.b4 Nce4 26.b5 cxb5 27.cxb5 d5 28.bxa6 bxa6 29.Rac1 g5 30.Ne2 Ng4
31.Nd4 Ne5 32.Qe2 Nc4 33.g4 Bxd4 34.Rxd4 Nc5 35.Bxd5 Rxd5 36.Rcxc4 Rxd4 37.Rxd4 Rxd4
38.exd4 Qe6 39.Qd1 Nd7 40.d5 Qe5 41.gxf5 Qxf5 42.Bc3 Kf7 43.Qd4 Kg6 44.Kg2 g4
45.Kf1 Kh5 46.d6 Qf3 47.Ke1 Kh4 48.Bd2 Qh1+ 49.Ke2 Qf3+  1/2-1/2

[Event "Bundesliga 2012-13"]
[Site "Forchheim GER"]
[Date "2012.10.21"]
[Round "2"]
[White "Abel,D"]
[Black "Nikolic,Pr"]
[Result "0-1"]
[WhiteElo "2437"]
[BlackElo "2638"]

1.e4 e6 2.d4 d5 3.Nc3 Bb4 4.e5 Ne7 5.Bd2 b6 6.Nce2 Bxd2+ 7.Qxd2 c5 8.f4 Ba6
9.Nf3 Nbc6 10.O-O-O Qc7 11.Ng3 Bxf1 12.Rhxf1 O-O-O 13.Kb1 h6 14.c3 Kb7 15.Qc2 g6
16.dxc5 bxc5 17.c4 Qb6 18.Rc1 d4 19.Qd2 Nf5 20.Ne4 Ka8 21.Rf2 Na5 22.Qd3 Rd7
23.b3 Nc6 24.Rb2 Nb4 25.Qd2 Qc6 26.Nf6 Rb7 27.Ne1 Ne3 28.g3 Rhb8 29.Ng2 Nxa2
30.Nxe3 Rxb3 31.Nd1 Nc3+ 32.Kc2 Rxb2+ 33.Nxb2 Qb7 34.Kd3 Na4 35.Rb1 Nxb2+
36.Ke2 Qg2+  0-1

[Event "Casino Barcelona Masters"]
[Site "Barcelona ESP"]
[Date "2012.10.23"]
[Round "1.2"]
[White "Nielsen,PH"]
[Black "Nikolic,Pr"]
[Result "1-0"]
[WhiteElo "2662"]
[BlackElo "2638"]

1.d4 e6 2.c4 Bb4+ 3.Nd2 f5 4.g3 Nf6 5.Bg2 O-O 6.Nf3 a5 7.O-O b6 8.Ne5 Ra7
9.Nd3 Bxd2 10.Qxd2 Bb7 11.Bxb7 Rxb7 12.b3 Qe7 13.Bb2 d6 14.d5 e5 15.f4 e4
16.Ne1 Rf7 17.Nc2 c5 18.dxc6 Nxc6 19.Ne3 Ne8 20.a4 Nb4 21.Rad1 Na6 22.Qc3 Nc5
23.Rd5 Qe6 24.h3 Rbd7 25.g4 fxg4 26.hxg4 h6 27.g5 Nc7 28.f5 Qe7 29.f6 Qe6
30.Rdf5 g6 31.Ng4 gxf5 32.Nxh6+ Kf8 33.g6 Rxf6 34.Qxf6+ Qxf6 35.Bxf6 Ne8
36.Bb2  1-0

[Event "Casino Barcelona Masters"]
[Site "Barcelona ESP"]
[Date "2012.10.24"]
[Round "2.4"]
[White "Nikolic,Pr"]
[Black "Sokolov,Ivan"]
[Result "0-1"]
[WhiteElo "2638"]
[BlackElo "2690"]

1.d4 Nf6 2.Nf3 g6 3.g3 d5 4.Bg2 c6 5.b3 a5 6.O-O a4 7.Bb2 Qb6 8.Nc3 Bg7 9.e3 O-O
10.Ba3 Qc7 11.Ne5 Re8 12.Re1 Nbd7 13.f4 e6 14.Qd3 b6 15.bxa4 Ba6 16.Qd2 c5
17.Rab1 Rec8 18.Rb3 Ne8 19.a5 Nxe5 20.fxe5 cxd4 21.exd4 bxa5 22.Bc5 Qd7 23.a4 Bc4
24.Rbb1 Rab8 25.Rxb8 Rxb8 26.Bf1 Bxf1 27.Rxf1 Rc8 28.Bb6 f6 29.exf6 Nxf6
30.Re1 Rc4 31.Bc5 Qc6 32.Nb5 Ne4 33.Qxa5 Nxc5 34.Qd8+ Bf8 35.c3 Nd7 36.Qe8 Nf6
37.Qd8 Ne8 38.Rf1 Qc8 39.Qg5 Qd7 40.Qf4 Bg7  0-1

[Event "Casino Barcelona Masters"]
[Site "Barcelona ESP"]
[Date "2012.10.25"]
[Round "3.3"]
[White "Fluvia Poyatos,Joa"]
[Black "Nikolic,Pr"]
[Result "1/2-1/2"]
[WhiteElo "2490"]
[BlackElo "2638"]

1.e4 e6 2.d4 d5 3.Nc3 Bb4 4.e5 c5 5.a3 Bxc3+ 6.bxc3 Qc7 7.Qg4 Kf8 8.Bd2 Bd7
9.Bd3 c4 10.Be2 Ba4 11.Bd1 Nc6 12.Ne2 Re8 13.Qf4 Re7 14.h4 Ke8 15.Rh3 f6
16.exf6 Qxf4 17.Bxf4 Nxf6 18.Be5 Rf7 19.f3 Kd7 20.Kd2 Rhf8 21.h5 h6 22.g4 Nh7
23.f4 Nf6 24.Bxf6 gxf6 25.Ng3 Rg8 26.Bf3 Kd6 27.Re1 Ne7 28.Rh2 Bd7 29.Rhe2 f5
30.gxf5 Nxf5 31.Nxf5+ Rxf5 32.Ke3 Rgf8 33.Rg2 Rxf4 34.Rg3 Ba4 35.Re2 R8f5
36.Rh2 Be8 37.Rhh3 Ba4 38.Rg2 Rf6 39.Rhg3 R4f5 40.Bd1 Be8 41.Rg7 Rf7 42.Rg8 Re7
43.Bg4 Rf6 44.Rf2 Rxf2 45.Kxf2 Ba4 46.Rg6 Bxc2 47.Rxh6 Rf7+ 48.Kg3 Bf5 49.Bxf5 Rxf5
50.Rh7 b5 51.Kg4 a5 52.Ra7 b4 53.axb4 axb4 54.cxb4 Rf1 55.h6 Rh1 56.Kg5 c3
57.Ra6+ Kd7 58.Ra7+ Kc6 59.Ra5 Rg1+ 60.Kf6 Rh1 61.Kg7 Rg1+ 62.Kf7 Rh1 63.Kg7 Rg1+
64.Kf7 Rh1  1/2-1/2

[Event "Casino Barcelona Masters"]
[Site "Barcelona ESP"]
[Date "2012.10.26"]
[Round "4.3"]
[White "Nikolic,Pr"]
[Black "Quesada Perez,Yu"]
[Result "0-1"]
[WhiteElo "2638"]
[BlackElo "2604"]

1.d4 Nf6 2.c4 e6 3.Nc3 Bb4 4.Qc2 O-O 5.a3 Bxc3+ 6.Qxc3 d5 7.Nf3 dxc4 8.Qxc4 b6
9.g3 Bb7 10.Bg2 Bd5 11.Qd3 Nbd7 12.O-O c5 13.Bg5 Qc7 14.Rac1 c4 15.Qc2 Qb7
16.Ne1 Bxg2 17.Nxg2 b5 18.f3 h6 19.Be3 Rfc8 20.Bf2 b4 21.axb4 Nd5 22.Ra1 Nxb4
23.Qd2 a5 24.Ra3 Qb5 25.Rfa1 Nb6 26.Ne3 Rd8 27.Nd1 Nc6 28.e4 Rab8 29.Kg2 Qe5
30.Nc3 Nxd4 31.Rxa5 Qf6 32.Bxd4 Rxd4 33.Qe2 Rbd8 34.Rd1 Rd3 35.Raa1 Qg5 36.h4 Qc5
37.Qf2 Qb4 38.h5 Nc8 39.Re1 Ne7 40.Re2 Nc6 41.Ra4 Qb3 42.Ra3 Qb8 43.Qc5 Nd4
44.Rf2 Nxf3 45.Rxf3 Rxf3 46.Kxf3 Rd3+ 47.Ke2 Qxb2+  0-1

[Event "Casino Barcelona Masters"]
[Site "Barcelona ESP"]
[Date "2012.10.27"]
[Round "5.4"]
[White "Alonso Rosell,A"]
[Black "Nikolic,Pr"]
[Result "0-1"]
[WhiteElo "2540"]
[BlackElo "2638"]

1.Nf3 e6 2.c4 f5 3.Nc3 Nf6 4.Qc2 b6 5.g3 Bb7 6.Bg2 Bb4 7.O-O O-O 8.Na4 Be7
9.d4 Ne4 10.Rd1 Bf6 11.Nd2 d5 12.Nf3 Nd7 13.b4 c6 14.Bb2 Ba6 15.c5 Bc4 16.e3 b5
17.Nc3 a5 18.a3 a4 19.Nd2 Nxd2 20.Rxd2 g5 21.f3 Qe8 22.e4 fxe4 23.fxe4 g4
24.Re1 Qg6 25.Nd1 Bb3 26.Qc3 Bg5 27.Rde2 Nf6 28.Nf2 Bc4 29.Rc2 dxe4 30.Rxe4 Nxe4
31.Bxe4 Qg7 32.Bxc6 Rad8 33.Be4 h5 34.c6 Bf6 35.Rd2 Rd6 36.Bg2 Rfd8 37.Qc1 Bd5
38.Bxd5 exd5 39.Qc5 Qc7 40.Rc2 Rc8 41.Qxb5 Rxc6 42.Re2 Qd7 43.Qd3 Qh7 44.Qd1 Qf5
45.Nd3 Qf3 46.Nc5 Rf8 47.Re1 Bg5 48.Bc1 Qxd1 49.Rxd1 Bxc1 50.Rxc1 Rf3 51.Ra1 Kg7
52.Ra2 Rcf6 53.Nd7 Re6 54.Ne5 Rb3 55.Kg2 Re7 56.h3 Rc7 57.hxg4 hxg4 58.Nxg4 Rcc3
59.Kh3 Rxg3+ 60.Kh4 Kg6 61.Ne5+ Kf5 62.Rf2+ Ke4 63.Ng4 Rxa3  0-1

[Event "Casino Barcelona Masters"]
[Site "Barcelona ESP"]
[Date "2012.10.28"]
[Round "6.2"]
[White "Nikolic,Pr"]
[Black "Sjugirov,S"]
[Result "0-1"]
[WhiteElo "2638"]
[BlackElo "2624"]

1.d4 Nf6 2.c4 g6 3.Nf3 Bg7 4.g3 O-O 5.Bg2 c5 6.d5 b5 7.cxb5 a6 8.bxa6 d6
9.O-O Nbd7 10.Nc3 Nb6 11.Ne1 Bxa6 12.Nc2 Ng4 13.Na3 Ne5 14.Qc2 Nec4 15.Nab1 Nd7
16.b3 Nce5 17.Bb2 Qb6 18.a3 Rfb8 19.Nd2 Bc4 20.b4 cxb4 21.axb4 Qxb4 22.Rfb1 Rxa1
23.Bxa1 Qa5 24.Rxb8+ Nxb8 25.Bb2 Na6 26.Qd1 Nb4 27.Nf1 Ned3 28.Ba1 Nc5 29.Ne3 Ba6
30.Bf1 Qa3 31.Qe1 Nb3 32.Nb5 Bxb5 33.Bxg7 Kxg7 34.Qc3+ f6 35.Ng4 Nxd5  0-1

[Event "Casino Barcelona Masters"]
[Site "Barcelona ESP"]
[Date "2012.10.29"]
[Round "7.5"]
[White "Aroshidze,L"]
[Black "Nikolic,Pr"]
[Result "1/2-1/2"]
[WhiteElo "2560"]
[BlackElo "2638"]

1.e4 e5 2.Nf3 Nc6 3.Bb5 a6 4.Ba4 Nf6 5.O-O Be7 6.Re1 b5 7.Bb3 d6 8.c3 O-O
9.h3 Be6 10.d4 Bxb3 11.axb3 exd4 12.cxd4 Nb4 13.d5 c5 14.dxc6 d5 15.e5 Ne4
16.Nc3 Nxc3 17.bxc3 Nxc6 18.Qd3 h6 19.Re2 Qd7 20.Rea2 Qe6 21.Be3 Nxe5 22.Nxe5 Qxe5
23.Rxa6 Rxa6 24.Rxa6 b4 25.cxb4 Bxb4 26.Bd4 Qg5 27.Be3 Qe5 28.Bd4 Qg5 29.Be3 Qe5  1/2-1/2

[Event "Casino Barcelona Masters"]
[Site "Barcelona ESP"]
[Date "2012.10.31"]
[Round "9.5"]
[White "Nikolic,Pr"]
[Black "Oms Pallisse,J"]
[Result "1-0"]
[WhiteElo "2638"]
[BlackElo "2506"]

1.d4 Nf6 2.c4 e6 3.Nf3 d5 4.Nc3 Bb4 5.Qa4+ Nc6 6.e3 O-O 7.Bd2 dxc4 8.Bxc4 Bd6
9.h3 a6 10.Be2 Bd7 11.Qb3 Qe7 12.O-O b5 13.Ng5 e5 14.dxe5 Qxe5 15.f4 Qe7
16.Bf3 Rad8 17.Rae1 h6 18.Nge4 Nxe4 19.Nxe4 Be6 20.Qc3 Bb4 21.Qxc6 Bxd2 22.Re2 Ba5
23.b3 Bb6 24.Kh2 Rd3 25.Rfe1 Rfd8 26.Ng3 Qd6 27.Qe4 g6 28.Qb7 Bc8 29.Qe4 c5
30.Rc2 Be6 31.Be2 Rd2 32.Nf1 Rxc2 33.Qxc2 Qc7 34.Bg4 Bd5 35.Ng3 h5 36.Bf3 h4
37.Ne4 Bxe4 38.Bxe4 c4 39.bxc4 bxc4 40.Qf2 Qe7 41.Bc2 c3 42.Qf3 Rd2 43.Bb3 Rd3
44.Qc6 Rxe3 45.Qxg6+ Kf8 46.Qh6+ Kg8 47.Rd1 Bc7 48.Bc2 Re4 49.Rf1 Bd8 50.Rd1 Bc7
51.Bxe4 Qxe4 52.Qg5+ Qg6 53.Qxg6+ fxg6 54.Kg1 Bxf4 55.Rd8+ Kg7 56.Rc8 Bd2
57.Kf2 Kf6 58.Rc5 Ke6 59.Ke2 Kf6 60.Kd3 Kg7 61.a4 Be1 62.Kc2 Kf6 63.Ra5 g5
64.Rxa6+ Kf5 65.Rc6 Kf4 66.Rc4+  1-0

[Event "Bundesliga 2012-13"]
[Site "Wiesbaden GER"]
[Date "2012.11.10"]
[Round "3"]
[White "Poetsch,H"]
[Black "Nikolic,Pr"]
[Result "0-1"]
[WhiteElo "2466"]
[BlackElo "2638"]

1.e4 e6 2.d4 d5 3.Nc3 Bb4 4.a3 Bxc3+ 5.bxc3 dxe4 6.Qg4 Qf6 7.Qxe4 Qg6 8.Qxg6 hxg6
9.Bf4 c6 10.Nf3 Ne7 11.c4 f6 12.Bd3 Kf7 13.O-O-O b6 14.h4 Nd7 15.g4 Ba6 16.Bd6 Nf8
17.d5 cxd5 18.cxd5 Bxd3 19.dxe6+ Nxe6 20.Rxd3 Rhd8 21.Rhd1 Rac8 22.Bg3 Rxd3
23.Rxd3 Nc5 24.Rd1 Nc6 25.Kb1 Re8 26.Bf4 Ne4 27.Rd7+ Re7 28.Rxe7+ Kxe7 29.Be3 Ke6
30.Nd4+ Nxd4 31.Bxd4 Nd2+ 32.Kb2 Nf3 33.Kc3 Kd5 34.Be3 Nxh4 35.Kd3 Nf3 36.c4+ Ke6
37.Kc3 Kd6 38.Bf4+ Kc5 39.Be3+ Kc6 40.a4 g5  0-1